000 01040nam a22002657a 4500
999 _c175622
_d175622
005 20200911110350.0
010 _aENG-128412
020 _c569.00
_a9789353945077
035 _aEN-111944
037 _bDBAD/PUB
082 _a621.38
100 _aBhattacharya, S.K
245 _aBasic Electrical and Electronics Engineering/
_cby S.K. Bhattacharya, S. Bhattacharya, S. Annadurai. N.P.Ananthamoorthy, A. Khaja Najumudeen and S. Joshua Daniel ; Edited by King D. Charles Fenny and C. Purushothaman
260 _aNoida
_bPearson
_c2020
270 _a15th floor,Tower-B,Word Trade Tower,Plot no.1,Block-C sec 16,
_bNoida
_e201301
_k04466540100
_mcompanysecretary.india@pearson.com
300 _axii;various pages.
_c253.5cm(pbk)
_bIllustrations
700 _aBhattacharya, S.
700 _aAnnadurai, S.
700 _aAnanthamoorthy, A. Khaja
700 _aDaniel, S. Joshua
700 _aNajumudeen, A. Khaja
700 _aFenny, King D. Charles
700 _aPurushothaman, C.
942 _2ddc
_cEN
_h621.38
_mBHA